Normal view
MARC view
- التراث الاسلامي- التاريخ الاسلامي
Entry Topical Term
001 - CONTROL NUMBER
- control field: 13334
003 - CONTROL NUMBER IDENTIFIER
- control field: JO-AjAnu
005 - DATE AND TIME OF LATEST TRANSACTION
- control field: 20230606072431.0
008 - FIXED-LENGTH DATA ELEMENTS
- fixed length control field: 230606|| aca||aabn | a|a d
040 ## - CATALOGING SOURCE
- Original cataloging agency: JO-AjAnu
- Transcribing agency: JO-AjAnu
150 ## - HEADING--TOPICAL TERM
- Topical term or geographic name entry element: التراث الاسلامي- التاريخ الاسلامي
670 ## - SOURCE DATA FOUND
- Source citation: Work cat.: (JO-AjAnu)6861: البكري، خميس, author 13333, رشدي فكار في حوار متواصل حول قضايا تراث المسلمين